Collected Articles on Food & Nutrition. (Record no. 348548)
[ view plain ]
| 000 -LEADER | |
|---|---|
| fixed length control field | 00378 a2200133 4500 |
| 082 ## - DEWEY DECIMAL CLASSIFICATION NUMBER | |
| Classification number | 362.5 |
| 090 ## - LOCALLY ASSIGNED LC-TYPE CALL NUMBER (OCLC); LOCAL CALL NUMBER (RLIN) | |
| -- | 6172 |
| -- | 6172 |
| 100 ## - MAIN ENTRY--PERSONAL NAME | |
| Personal name | Ali,S.Maqsood. |
| 245 ## - TITLE STATEMENT | |
| Title | Collected Articles on Food & Nutrition. |
| Statement of responsibility, etc. | Dr.S.Maqsood Ali. |
| 260 ## - PUBLICATION, DISTRIBUTION, ETC. | |
| Place of publication, distribution, etc. | Islamabad. |
| Name of publisher, distributor, etc. | Pakistan Council for Science and Technology. |
| Date of publication, distribution, etc. | 1993. |
| 300 ## - PHYSICAL DESCRIPTION | |
| Extent | 225p. |
| 500 ## - GENERAL NOTE | |
| General note | Paper cover. |
| 942 ## - ADDED ENTRY ELEMENTS (KOHA) | |
| Institution code [OBSOLETE] | NBS |
| Koha item type | Book |
| Call number prefix | 362.5 ALI |
| Withdrawn status | Lost status | Damaged status | Not for loan | Permanent Location | Current Location | Date acquired | Total Checkouts | Full call number | Barcode | Date last seen | Date last checked out | Price effective from | Koha item type |
|---|---|---|---|---|---|---|---|---|---|---|---|---|---|
| Central Library (CL) | Central Library (CL) | 08/28/2013 | 1 | 362.5 ALI | NBSD-1740 | 11/23/2017 | 08/22/2017 | 08/28/2013 | Book |
